| 000 | 01069nas a2200349 4500 | ||
|---|---|---|---|
| 001 | BR0404972 | ||
| 003 | BR-BrBNA | ||
| 005 | 20231205104913.0 | ||
| 007 | ta | ||
| 008 | 230509b bl.|||p| |||| 00| 00por d | ||
| 040 |
_aBR-BrBNA _bpor _cBiblioteca Nacional de Agricultura |
||
| 041 | _a(Pt) | ||
| 072 | _aH20; P33; P34 | ||
| 100 | 1 | _aMachado, A.L.M. | |
| 100 | 1 | _aMichereff, S.J. | |
| 100 | 1 | _aLaranjeira, D. | |
| 100 | 1 | _aDuda, G.P. | |
| 100 | 1 | _aNascimento, C.W.A. | |
| 100 | 1 | _aNascimento, R.S.M.P. | |
| 100 | 1 | _aRodrigues, J.J.V. | |
| 245 | 1 | _aCaracterização de solos do agreste de Pernambuco quanto a supressividade à murcha-de-fusário do tomateiro | |
| 650 | _aTOMATE | ||
| 650 | _aMURCHA DE FUSARIUM | ||
| 650 | _aSOLO | ||
| 650 | _aMICROBIOLOGIA DO SOLO | ||
| 650 | _aRENDIMENTO | ||
| 650 | _aPROPRIEDADE FÍSICO-QUÍMICA | ||
| 650 | _aPERNAMBUCO | ||
| 773 | 0 |
_tSumma Phytopathologica (Brazil) _xISSN 0100-5405 _g(Apr-Jun 2004), v. 30(2) p. 271-276 _wBR0404972 |
|
| 909 |
_a202311 _bLúcia _c55 _dLúcia Elande |
||
| 942 |
_2AGRIS _n0 _cANA |
||
| 999 |
_c180216 _d180216 |
||